Rol del jefe : cómo ser un buen jefe /

Guardado en:
Autor Principal: Alles, Martha Alicia.
Formato: Libro
Idioma:Spanish
Publicado: Buenos Aires : Gránica, 2009.
Edición:2a. ed. 1° reimp.
Materias:
Etiquetas: Agregar Etiqueta
Sin Etiquetas, Sea el primero en etiquetar este registro!
LEADER 00540nam a22001815a 4500
001 DER.der014526
008 191129s2009####ag############000#0#spa#d
005 20240826141203.0
245 1 0 |a Rol del jefe :  |b cómo ser un buen jefe /  |c Martha Alles. 
250 |a 2a. ed. 1° reimp. 
260 |a Buenos Aires :  |b Gránica,  |c 2009. 
300 |a 288 p. 
020 |a 9789506415464 
100 1 |a Alles, Martha Alicia. 
650 7 |a LIDERAZGO 
650 7 |a RECURSOS HUMANOS 
650 7 |a CONDUCCION DE PERSONAS 
859 |a DERECHO  |b BIB. DERECHO  |h 658.4092  |i ALL  |p 009807